Zwycięzcy Ligi Mistrzów UEFA - Sudden Death. - Statystyki

Ogólne statystyki
  • Ten quiz został rozwiązany 66 razy
  • Średni wynik to 17 z 24
Answers on the Grid
Answers color-coded by a green-red scale on the quiz's grid according to % correct below.
A.C. Milan
ACF Fiorentina
Ajax Amsterdam
Arka Gdynia
Arsenal F.C.
AS Monaco
AS Roma
Aston Villa
Atlético Madryt
Bayer 04 Leverkusen
Bayern Monachium
Borussia Dortmund
Celtic F.C.
Chelsea F.C.
Club Brugge
Crvena zvezda Belgrad
Eintracht Frankfurt
FC Barcelona
FC Porto
Feyenoord Rotterdam
Hamburger SV
Inter Mediolan
Inter Miami
Juventus F.C.
Leeds United
Liverpool F.C.
Manchester City
Manchester United
Newcastle United F.C.
Nottingham Forest
Olympique Marsylia
Paris Saint-Germain
Partizan Belgrad
PSV Eindhoven
Real Madryt
SL Benfica
Stade de Reims
Steaua Bukareszt
Tottenham Hotspur
Valencia CF
 
Statystyki odpowiedzi
Odpowiedź % Poprawnych
A.C. Milan
98%
Ajax Amsterdam
90%
Bayern Monachium
88%
FC Barcelona
88%
Chelsea F.C.
86%
Inter Mediolan
86%
Liverpool F.C.
84%
Manchester United
84%
Real Madryt
84%
Manchester City
80%
Paris Saint-Germain
80%
Borussia Dortmund
74%
FC Porto
74%
Juventus F.C.
74%
Crvena zvezda Belgrad
64%
Nottingham Forest
64%
Olympique Marsylia
64%
Steaua Bukareszt
62%
Celtic F.C.
60%
Aston Villa
54%
Feyenoord Rotterdam
50%
SL Benfica
50%
Hamburger SV
48%
PSV Eindhoven
48%
Nie znaleziono quizów pasujących do podanych kryteriów
Rozkład punktacji
Procent ludzi z każdym wynikiem
Percentyl według liczby udzielonych odpowiedzi
Twoja historia wyników
Nie rozwiązałeś tego quizu